| 000 | 00598nam a22001937a 4500 | ||
|---|---|---|---|
| 005 | 20240530110900.0 | ||
| 008 | 220208s1997 uk g 000 0 eng d | ||
| 040 |
_aEG-CaGPL _cEG-CaGPL |
||
| 082 | 0 | 4 |
_221 _a028.7/ _bE I |
| 100 | 1 | _aEagle, Selwyn | |
| 245 |
_aInformatiom Sources in Environmental Protection/ _cEdited by Selwyn Eagle, Judith Deschamps |
||
| 260 |
_alondon : _bBowker, _c1997. |
||
| 300 |
_a280 p.; _c22 cm. |
||
| 490 | 0 | _aGuides to Infoemation Sources. | |
| 650 | 0 | 7 |
_2qrmak _aInformatiom Sources _xProtection |
| 651 | _2qrmak | ||
| 700 | 1 | _a Deschamps,Judith | |
| 942 |
_2ddc _cBK |
||
| 999 |
_c66117 _d66117 |
||